| 000 | 00358nam a22001577a 4500 | ||
|---|---|---|---|
| 003 | OSt | ||
| 008 | 220611b ||||| |||| 00| 0 eng d | ||
| 020 | _a9789354249273 | ||
| 082 | _a62.3 CHW | ||
| 100 | _aCHATTERJEE, Debashis | ||
| 245 | _aWiley Acing the Gate | ||
| 250 | _a2nd | ||
| 260 |
_aNew Delhi _bWiley _c2021 |
||
| 300 | _a1215 | ||
| 942 |
_2ddc _cBK |
||
| 999 |
_c11313 _d11313 |
||